Bilecik Bilecik Bilecik Bilecik Bilecik

Kronik enflasyon ekonomiye ve istihdama etkileri semineri, 20 Haziran 1997 Hyatt Regency Hotel/ (Record no. 35448)

MARC details
000 -BAŞLIK
Sabit Uzunluktaki Kontrol Alanı 01489nam a22003977a 4500
001 - KONTROL NUMARASI
Control Dosyası 0035545
003 - KONTROL NUMARASI KİMLİĞİ
Kontrol Alanı KOHA_MİRAKIL
005 - EN SON İŞLEM TARİHİ ve ZAMANI
Kontrol Alanı 20260207002944.0
007 - FİZİKSEL TANIM SABİT ALAN - GENEL BİLGİ
Sabit uzunluklu kontrol alanı ta
008 - SABİT UZUNLUKTAKİ VERİ ÖGELERİ - GENEL BİLGİ
Sabit Alan 120217b1997 tu |||gr||||#0|||0|tur |
040 ## - KATALOGLAMA KAYNAĞI
Özgün Kataloglama Kurumu TR-BiSEU
Kataloglama Dili tur
Çeviri Kurumu TR-BiSEU
Açıklama Kuralları rda
041 0# - DİL KODU
Metin ya da ses kaydının dil kodu tur
044 ## - YAYINLAYAN/ÜRETEN KURULUŞUN ÜLKE KODU
ISO country code tu
050 ## - SINIFLAMA ve YER NUMARASI
Sınıflama Numarası HG1206.5
Yer Numarası .K66 1997
111 2# - TOPLANTI ADI
Toplantı Adı Kronik enflasyon ekonomiye ve istihdama etkileri semineri (İstanbul : 1997)
9 (RLIN) 67880
245 1# - ESER ADI BİLDİRİMİ
Başlık Kronik enflasyon ekonomiye ve istihdama etkileri semineri, 20 Haziran 1997 Hyatt Regency Hotel/
Sorumluluk Bildirimi yayına hazırlayanlar Türkiye İşveren Sendikaları Konfederasyonu, Konrad Adenauer Vakfı.
264 #1 - ÜRERİM, YAYIN, DAĞITIM ve TELİF BİLDİRİMİ
Yayın yeri İstanbul :
Yayınlayan Türkiye İşveren Sendikaları Konfederasyonu
Yayın tarihi 1997
300 ## - FİZİKSEL TANIMLAMA
Sayfa, Cilt vb. 172 sayfa; 24 cm.
336 ## - İÇERİK TÜRÜ
Content type term metin
Content type code txt
Source rdacontent
337 ## - MEDYA TÜRÜ
Media type term aracısız
Media type code n
Source rdamedia
338 ## - TAŞIYICI TÜRÜ
Carrier type term cilt
Carrier type code nc
Source rdacarrier
490 1# - DİZİ BİLDİRİMİ
Dizi Bildirimi Türkiye İşveren Sendikaları Konfederasyonu ;
Cilt Numarası yayın no.
490 1# - DİZİ BİLDİRİMİ
Dizi Bildirimi 170
650 #0 - KONU BAŞLIĞI EK GİRİŞ - KONU TERİMİ
Konusal terim veya coğrafi ad Enflasyon (Maliye).
9 (RLIN) 5738
650 #0 - KONU BAŞLIĞI EK GİRİŞ - KONU TERİMİ
Konusal terim veya coğrafi ad Inflation (Finance).
9 (RLIN) 5740
650 #0 - KONU BAŞLIĞI EK GİRİŞ - KONU TERİMİ
Konusal terim veya coğrafi ad Enflasyon (Maliye)--Türkiye.
9 (RLIN) 18136
650 #0 - KONU BAŞLIĞI EK GİRİŞ - KONU TERİMİ
Konusal terim veya coğrafi ad Inflation (Finance)--Turkey.
9 (RLIN) 12275
650 #0 - KONU BAŞLIĞI EK GİRİŞ - KONU TERİMİ
Konusal terim veya coğrafi ad Para politikası.
9 (RLIN) 8147
650 #0 - KONU BAŞLIĞI EK GİRİŞ - KONU TERİMİ
Konusal terim veya coğrafi ad Monetary policy.
9 (RLIN) 8149
650 #0 - KONU BAŞLIĞI EK GİRİŞ - KONU TERİMİ
Konusal terim veya coğrafi ad İstihdam (Ekonomi teorisi).
9 (RLIN) 67881
650 #0 - KONU BAŞLIĞI EK GİRİŞ - KONU TERİMİ
Konusal terim veya coğrafi ad Employment (Economic theory).
9 (RLIN) 36003
830 1# - SERİ EK GİRİŞİ - TEKBİÇİM ESER ADI
Tekbiçim Başlık Türkiye İşveren Sendikaları Konfederasyonu ;
Volume number/sequential designation yayın no.
9 (RLIN) 25162
830 1# - SERİ EK GİRİŞİ - TEKBİÇİM ESER ADI
Tekbiçim Başlık 170
9 (RLIN) 12013
907 ## - LOCAL DATA ELEMENT G, LDG (RLIN)
a Seminer
942 ## - EK GİRİŞ ÖGELERİ (KOHA)
Source of classification or shelving scheme Library of Congress Classification
Koha item type Book
Holdings
Materyal Türü Kalıcı Konum Mevcut Konum Raf Yeri Sınıflandırma Kaynağı Edinim Bilgisi Ana Konular Alt Konular Yer Numarası Demirbaş Numarası Fatura Tarihi Geri Çekilme Durumu Kayıp Durumu Hasarlı Durumu Kredi için değil Kayıt Tarih Toplam Ödünçverme Son Görülme Tarihi Son Kontrol Tarihi Genel / Bağış Notu
Book Prof. Dr. Azmi Özcan Kütüphanesi Prof. Dr. Azmi Özcan Kütüphanesi Uluğbey Salonu Library of Congress Classification Bağış SOSYAL BİLİMLER Finans HG1206.5 .K66 1997 0035545 02/02/2026         17/02/2012   05/12/2024 05/12/2024 YÖK Tez Merkezi